| 000 | 00501nam a22001817a 4500 | ||
|---|---|---|---|
| 003 | CEME | ||
| 005 | 20210628203254.0 | ||
| 008 | 210204b xxu||||| |||| 00| 0 eng d | ||
| 020 | _a1596930527 | ||
| 040 | _c. | ||
| 082 | _a629.045 ZIE | ||
| 100 |
_aZiedan, Nesreen.I _964425 |
||
| 245 | _aGnss recivers for weak signals | ||
| 260 |
_aBOSTON _bARTECH HOUSE _c2006 |
||
| 300 | _aXIII, 234P | ||
| 650 |
_aGLOBAL POSITIONING SYSTEM., ARTIFICIAL SATELLITES IN NAVIGATION . _964426 |
||
| 942 |
_cBK _2ddc |
||
| 999 |
_c572917 _d572917 |
||